| 000 | 00598cam a22001697a 4500 | ||
|---|---|---|---|
| 008 | 180718b2002 xxu||||| |||| 00| 0 eng d | ||
| 082 | _aR1x4 R357 | ||
| 100 | _aRoboud, Michelle | ||
| 245 |
_aDoes eurosclerosis matter: institutional reform and labor market performance in central and eastern Europe _cby Michelle Roboud, C.S. Paramo and C. S. Jauregui |
||
| 260 |
_aWashington, D.C. _bWorld Bank _c2002 |
||
| 300 | _a61p. | ||
| 440 | _aWorld bank technical paper no. 519 | ||
| 650 | _aIBRD | ||
| 650 | _aLabour market | ||
| 700 | _aJauregui,, Carlos Silva | ||
| 700 | _aParamo, Carolina Sanchez | ||
| 999 |
_c287564 _d287564 |
||